[Event "Kingston Invitational Swiss"]
[Site "Kingston-upon-Thames"]
[Date "2025.08.14"]
[Round "6.17"]
[White "Han, Qixuan"]
[Black "Eames, Robert S"]
[Result "1-0"]
[WhiteElo "1896"]
[BlackElo "2136"]
[PlyCount "113"]
[EventDate "2025.08.12"]
[EventType "swiss"]
[EventRounds "9"]
[EventCountry "ENG"]

1. Nf3 Nf6 2. e3 c5 3. c4 g6 4. d4 Bg7 5. Nc3 O-O 6. Be2 d5 7. cxd5 Nxd5 8. Qb3 Nb4 9. dxc5 Nd3+ 10. Bxd3 Qxd3 11. Nd5 Qa6 12. Nxe7+ Kh8 13. Nxc8 Rxc8 14. Qxf7 Nc6 15. Bd2 Rf8 16. Qb3 Rxf3 17. gxf3 Ne5 18. O-O-O Nd3+ 19. Kb1 Nxf2 20. Bc3 Nxh1 21. Bxg7+ Kxg7 22. Rxh1 Rf8 23. f4 Rf7 24. Rd1 Qe2 25. h4 Re7 26. Qc3+ Kh6 27. Re1 Qf2 28. h5 Kxh5 29. a3 Kg4 30. Ka2 Rd7 31. Qc1 Rd2 32. Rg1+ Kf5 33. Rg5+ Ke4 34. Qh1+ Kxe3 35. Re5+ Kxf4 36. Qe4+ Kg3 37. Rg5+ Kh2 38. Qe5+ Kh1 39. Qg7 Qf3 40. Qxh7+ Rh2 41. Qxg6 Rh3 42. Qe6 Rh7 43. Qd5 Qxd5+ 44. Rxd5 Kg2 45. Rf5 Kg3 46. b4 Kg4 47. Rf8 b5 48. Rb8 a6 49. Rb6 Kf5 50. Rxa6 Ke5 51. Rd6 Rh2+ 52. Kb3 Rh3+ 53. Kb2 Rh2+ 54. Kc3 Ra2 55. Kb3 Rh2 56. Rd3 Ke4 57. Rc3 1-0

[Event "Kingston Invitational Swiss"]
[Site "Kingston-upon-Thames"]
[Date "2025.08.14"]
[Round "6.18"]
[White "Razhnou, Lev"]
[Black "Healey, Michael W"]
[Result "0-1"]
[WhiteElo "1821"]
[BlackElo "2135"]
[PlyCount "94"]
[EventDate "2025.08.12"]
[EventType "swiss"]
[EventRounds "9"]
[EventCountry "ENG"]

1. c4 f5 2. d4 e6 3. Nc3 Nf6 4. Nf3 Be7 5. g3 O-O 6. Bg2 Ne4 7. O-O Bf6 8. Nxe4 fxe4 9. Ne1 d5 10. e3 c6 11. b3 e5 12. Bb2 exd4 13. exd4 Na6 14. Nc2 Nc5 15. Ba3 Ne6 16. Bxf8 Qxf8 17. f4 Nxd4 18. Nxd4 Qc5 19. Rc1 Qxd4+ 20. Kh1 Qxd1 21. Rfxd1 Bg4 22. Re1 h5 23. h3 Bf5 24. cxd5 cxd5 25. Rc5 Rd8 26. Rd1 Be6 27. Kg1 b6 28. Rc6 Bf5 29. Re1 Bd4+ 30. Kh2 Bc5 31. g4 hxg4 32. hxg4 Bxg4 33. Rg6 Bc8 34. Rd1 Be7 35. Rc6 Bg4 36. Rd2 Kf7 37. Bh3 Rh8 38. Kg3 Bxh3 39. Rh2 e3 40. Rcc2 d4 41. Rce2 Bh4+ 42. Kxh3 Bf2+ 43. Kg2 Rxh2+ 44. Kxh2 d3 45. Rxf2 exf2 46. Kg2 d2 47. Kxf2 d1=Q 0-1

[Event "Kingston Invitational Swiss"]
[Site "Kingston-upon-Thames"]
[Date "2025.08.14"]
[Round "6.19"]
[White "Keen, Maya"]
[Black "McMichael, Richard J"]
[Result "0-1"]
[WhiteElo "1805"]
[BlackElo "2112"]
[PlyCount "62"]
[EventDate "2025.08.12"]
[EventType "swiss"]
[EventRounds "9"]
[EventCountry "ENG"]

1. d4 e6 2. Bf4 f5 3. e3 Nf6 4. Nf3 d5 5. Bd3 Be7 6. Nbd2 O-O 7. O-O Bd7 8. c4 c6 9. Qb3 Bc8 10. Rac1 Bd6 11. Rfe1 Kh8 12. c5 Be7 13. h3 Nh5 14. Qc3 Nd7 15. b4 Rg8 16. Ne5 Nxe5 17. Bxe5 Bd7 18. a4 Bf6 19. Nf3 g5 20. g4 Ng7 21. Kg2 Qe7 22. Rh1 Bxe5 23. dxe5 Raf8 24. h4 fxg4 25. Nxg5 Nf5 26. e4 d4 27. Qd2 Nxh4+ 28. Rxh4 Qxg5 29. Rch1 Rf7 30. Qxg5 Rxg5 31. Rh5 Rgg7 0-1

[Event "Kingston Invitational Swiss"]
[Site "Kingston-upon-Thames"]
[Date "2025.08.14"]
[Round "6.20"]
[White "Armstrong, Alastair"]
[Black "Cowan, Xavier"]
[Result "1-0"]
[WhiteElo "2108"]
[BlackElo "1854"]
[PlyCount "83"]
[EventDate "2025.08.12"]
[EventType "swiss"]
[EventRounds "9"]
[EventCountry "ENG"]

1. e4 c5 2. c3 d6 3. d4 Nd7 4. Nf3 e6 5. Bd3 Be7 6. Bf4 Ngf6 7. O-O O-O 8. Qe2 a6 9. Rd1 Qc7 10. h3 Rd8 11. Nbd2 b5 12. e5 Nd5 13. exd6 Bxd6 14. Bxd6 Qxd6 15. Ng5 h6 16. Nge4 Qc7 17. g3 c4 18. Bc2 f5 19. Ng5 Re8 20. Ngf3 Bb7 21. Ne5 Nxe5 22. dxe5 Qc6 23. f3 Qc5+ 24. Qf2 Qxf2+ 25. Kxf2 Red8 26. f4 Rac8 27. a3 a5 28. Nf3 b4 29. axb4 axb4 30. Ra7 Bc6 31. Nd4 bxc3 32. Nxe6 Re8 33. Nxg7 Re7 34. Rxe7 Nxe7 35. Nxf5 Nxf5 36. Bxf5 cxb2 37. Bxc8 Be4 38. Be6+ Kg7 39. Bxc4 b1=Q 40. Rxb1 Bxb1 41. Ke3 Kg6 42. Bd3+ 1-0

[Event "Kingston Invitational Swiss"]
[Site "Kingston-upon-Thames"]
[Date "2025.08.14"]
[Round "6.22"]
[White "Kumar, Sachin"]
[Black "Adams, Mark A"]
[Result "1-0"]
[WhiteElo "1800"]
[BlackElo "1912"]
[PlyCount "87"]
[EventDate "2025.08.12"]
[EventType "swiss"]
[EventRounds "9"]
[EventCountry "ENG"]

1. e4 c5 2. Nf3 a6 3. d4 cxd4 4. Nxd4 Nf6 5. Nc3 e5 6. Nb3 Bb4 7. Bd3 d5 8. exd5 Qxd5 9. O-O Bxc3 10. bxc3 O-O 11. Ba3 Rd8 12. Be7 Rd7 13. Bxf6 gxf6 14. Qg4+ Kf8 15. Bf5 Ke7 16. Bxd7 Bxd7 17. Qd1 Qc6 18. Qf3 Qc7 19. Qe3 b6 20. f4 Bb5 21. Rf2 Nd7 22. Re1 Rc8 23. fxe5 Nxe5 24. Qf4 Qd6 25. Nd4 Bd7 26. Nf3 Rc5 27. Nxe5 Rxe5 28. Rxe5+ Qxe5 29. Qd4 Bb5 30. Qxe5+ fxe5 31. Rf5 Ke6 32. Rh5 Ba4 33. Rh6+ f6 34. Rxh7 Bxc2 35. Rb7 Bd3 36. Rxb6+ Kf5 37. Kf2 Kg5 38. g3 f5 39. Ke3 Bc4 40. Rc6 Bxa2 41. Rxa6 f4+ 42. gxf4+ exf4+ 43. Kf2 Bb1 44. Kf3 1-0

[Event "Kingston Invitational Swiss"]
[Site "Kingston-upon-Thames"]
[Date "2025.08.14"]
[Round "6.23"]
[White "Bhatia, Jai"]
[Black "Waddington, Mike P"]
[Result "0-1"]
[WhiteElo "1708"]
[BlackElo "2034"]
[PlyCount "82"]
[EventDate "2025.08.12"]
[EventType "swiss"]
[EventRounds "9"]
[EventCountry "ENG"]

1. c4 f5 2. g3 Nf6 3. Bg2 e5 4. Nc3 Nc6 5. e4 d6 6. d3 Be7 7. Nge2 O-O 8. O-O fxe4 9. dxe4 Bg4 10. f3 Bh5 11. Be3 Qd7 12. a3 a5 13. Qc2 Bf7 14. Nb5 a4 15. Qd3 Na5 16. Nbc3 Bxc4 17. Qc2 Bb3 18. Qd3 Nc4 19. Rab1 Nxe3 20. Qxe3 Ra5 21. Nc1 Bc4 22. Rd1 d5 23. Kh1 d4 24. Qd2 dxc3 25. Qxd7 c2 26. Qd2 cxb1=Q 27. Qxa5 Qc2 28. Re1 b6 29. Qc3 Qxc3 30. bxc3 Rd8 31. h4 Bxa3 32. Ne2 Bc5 33. Ng1 a3 34. Ra1 Rd2 35. Nh3 a2 36. Kh2 Ba3 37. Ng5 Bb2 38. Re1 a1=Q 39. f4 Qxe1 40. fxe5 Qf1 41. exf6 Qxg2# 0-1

[Event "Kingston Invitational Swiss"]
[Site "Kingston-upon-Thames"]
[Date "2025.08.14"]
[Round "6.24"]
[White "Lin, William"]
[Black "Eckert, Jonathan"]
[Result "0-1"]
[WhiteElo "1678"]
[BlackElo "1770"]
[PlyCount "62"]
[EventDate "2025.08.12"]
[EventType "swiss"]
[EventRounds "9"]
[EventCountry "ENG"]

1. e4 e6 2. d4 d5 3. Nc3 Bb4 4. e5 c5 5. a3 Bxc3+ 6. bxc3 Ne7 7. Nf3 Nbc6 8. a4 Qa5 9. Bd2 Qc7 10. g3 Bd7 11. Bg2 Nf5 12. Be3 Nxe3 13. fxe3 f6 14. exf6 gxf6 15. O-O O-O-O 16. dxc5 Qa5 17. Qd3 Qxc5 18. Rab1 Ne5 19. Nxe5 fxe5 20. Rb4 e4 21. Qd2 Rhf8 22. Rfb1 Bc6 23. Qc1 Qxc3 24. R1b3 Qc5 25. Qb2 Rd7 26. Bh3 Qd6 27. Qd4 Kb8 28. Bf1 e5 29. Qb2 Qf6 30. Qc1 Qf2+ 31. Kh1 Qxf1+ 0-1

[Event "Kingston Invitational Swiss"]
[Site "Kingston-upon-Thames"]
[Date "2025.08.15"]
[Round "7.1"]
[White "Kothari, Jai"]
[Black "Lund, Gunnar"]
[Result "0-1"]
[WhiteElo "2051"]
[BlackElo "2326"]
[PlyCount "74"]
[EventDate "2025.08.12"]
[EventType "swiss"]
[EventRounds "9"]
[EventCountry "ENG"]

1. e4 c5 2. Nf3 d6 3. Bb5+ Bd7 4. Bxd7+ Nxd7 5. O-O Ngf6 6. Qe2 e6 7. b3 Be7 8. Bb2 O-O 9. c4 Re8 10. d4 d5 11. Nbd2 cxd4 12. e5 d3 13. Qe3 Ng4 14. Qxd3 Nh6 15. cxd5 Nc5 16. Qc4 Qxd5 17. Qxd5 exd5 18. Ba3 Nd3 19. Bxe7 Rxe7 20. Rfd1 Rd8 21. Nf1 Nxe5 22. Nxe5 Rxe5 23. Rac1 Kf8 24. Nd2 Ng4 25. h3 Nf6 26. Nf3 Re7 27. Rd4 g6 28. g4 h6 29. Kg2 Rdd7 30. h4 Re4 31. Rc8+ Kg7 32. g5 hxg5 33. hxg5 Nh7 34. Rxe4 dxe4 35. Ne5 Rd5 36. f4 exf3+ 37. Nxf3 Nxg5 0-1

[Event "Kingston Invitational Swiss"]
[Site "Kingston-upon-Thames"]
[Date "2025.08.15"]
[Round "7.2"]
[White "Grave, Jacob Templen"]
[Black "Rudzinska, Michalina"]
[Result "1-0"]
[WhiteElo "2366"]
[BlackElo "2200"]
[PlyCount "79"]
[EventDate "2025.08.12"]
[EventType "swiss"]
[EventRounds "9"]
[EventCountry "ENG"]

1. d4 d5 2. c4 e6 3. Nc3 Nf6 4. cxd5 exd5 5. Bg5 Bb4 6. e3 h6 7. Bh4 g5 8. Bg3 h5 9. Qb3 Nc6 10. Bb5 Bd7 11. Bxc6 Bxc3+ 12. Qxc3 Bxc6 13. Qa5 Qe7 14. Be5 O-O 15. h4 g4 16. Ne2 Ne4 17. f3 Nd6 18. Qa3 Rfe8 19. Bxd6 cxd6 20. Kd2 b5 21. Nf4 b4 22. Qd3 b3 23. a3 Rac8 24. Rac1 Kh8 25. Rhe1 Ba4 26. Nxd5 Qxh4 27. Nc3 gxf3 28. gxf3 Bd7 29. Rh1 Bh3 30. Rh2 Rg8 31. Rch1 Rg3 32. Qe2 Qg5 33. Rxh3 Rxh3 34. Rxh3 Qf5 35. Qh2 Qc2+ 36. Ke1 Rxc3 37. Rxh5+ Kg7 38. Qg3+ Qg6 39. Rg5 Rc1+ 40. Kd2 1-0

[Event "Kingston Invitational Swiss"]
[Site "Kingston-upon-Thames"]
[Date "2025.08.15"]
[Round "7.3"]
[White "Bashylina, Luisa"]
[Black "Hawksworth, John C"]
[Result "0-1"]
[WhiteElo "2085"]
[BlackElo "2351"]
[PlyCount "64"]
[EventDate "2025.08.12"]
[EventType "swiss"]
[EventRounds "9"]
[EventCountry "ENG"]

1. d4 Nf6 2. c4 e6 3. Nc3 Bb4 4. f3 c5 5. d5 b5 6. e4 d6 7. a3 Ba5 8. dxe6 Bxe6 9. Bd2 bxc4 10. Qa4+ Nbd7 11. Nge2 O-O 12. Nf4 d5 13. exd5 Bxc3 14. bxc3 Bxd5 15. Nxd5 Nxd5 16. O-O-O N7b6 17. Qc2 Qf6 18. Re1 Rfe8 19. Re4 Rxe4 20. fxe4 Nf4 21. g3 Nd3+ 22. Bxd3 cxd3 23. Qxd3 Rd8 24. e5 Qe7 25. Qb5 c4 26. Qb4 Qxe5 27. Re1 Qd5 28. Re2 h6 29. Qe7 Na4 30. Qe4 Nxc3 31. Bxc3 Qd1+ 32. Kb2 Qb3+ 0-1

[Event "Kingston Invitational Swiss"]
[Site "Kingston-upon-Thames"]
[Date "2025.08.15"]
[Round "7.4"]
[White "Agrawal, Shivam"]
[Black "Verma, Aditya"]
[Result "0-1"]
[WhiteElo "2047"]
[BlackElo "2093"]
[PlyCount "60"]
[EventDate "2025.08.12"]
[EventType "swiss"]
[EventRounds "9"]
[EventCountry "ENG"]

1. d4 Nf6 2. c4 e6 3. Nf3 d5 4. Nc3 c6 5. e3 Nbd7 6. b3 Bb4 7. Bd2 O-O 8. Qc2 h6 9. a3 Bd6 10. c5 Bc7 11. Bd3 e5 12. dxe5 Nxe5 13. Ne2 Bh3 14. Nxe5 Bxe5 15. Bc3 Bxc3+ 16. Qxc3 Bxg2 17. Rg1 Bf3 18. Nd4 Be4 19. O-O-O Bxd3 20. Rxd3 Ne4 21. Rxg7+ Kh8 22. Qb2 Qf6 23. Nf5 Qxf5 24. Rg6+ f6 25. Rxh6+ Kg7 26. Rh4 Rh8 27. Rf4 Qe5 28. Qe2 Qa1+ 29. Kc2 Qa2+ 30. Kd1 Qb1# 0-1

[Event "Kingston Invitational Swiss"]
[Site "Kingston-upon-Thames"]
[Date "2025.08.15"]
[Round "7.5"]
[White "Verma, Shlok"]
[Black "Rushbrooke, Remy"]
[Result "0-1"]
[WhiteElo "2076"]
[BlackElo "2090"]
[PlyCount "60"]
[EventDate "2025.08.12"]
[EventType "swiss"]
[EventRounds "9"]
[EventCountry "ENG"]

1. d4 d5 2. c4 c6 3. Nf3 Nf6 4. Nc3 e6 5. e3 Nbd7 6. Qc2 b6 7. Bd3 Bb7 8. O-O dxc4 9. Bxc4 a6 10. a4 c5 11. Qe2 Qc7 12. Rd1 Bd6 13. h3 O-O 14. b3 cxd4 15. exd4 Rfe8 16. Be3 Bb4 17. Na2 Bd6 18. Rac1 Ba3 19. Ra1 Nd5 20. Bd2 N7f6 21. b4 Rec8 22. Bd3 Nf4 23. Bxf4 Qxf4 24. Rab1 Rc7 25. Rb3 Bc1 26. Bc2 Rac8 27. Rxc1 Bd5 28. Rb2 Bxa2 29. Rxa2 Qxc1+ 30. Kh2 Rxc2 0-1

[Event "Kingston Invitational Swiss"]
[Site "Kingston-upon-Thames"]
[Date "2025.08.15"]
[Round "7.6"]
[White "Lalic, Susan K"]
[Black "Han, Qixiang"]
[Result "1-0"]
[WhiteElo "2204"]
[BlackElo "2070"]
[PlyCount "97"]
[EventDate "2025.08.12"]
[EventType "swiss"]
[EventRounds "9"]
[EventCountry "ENG"]

1. e4 c6 2. d4 d5 3. Nd2 dxe4 4. Nxe4 Nf6 5. Nxf6+ exf6 6. c3 Bd6 7. Bd3 O-O 8. Ne2 Re8 9. Qc2 h5 10. O-O h4 11. Bf4 Na6 12. Rae1 Nc7 13. Qd2 Ne6 14. Bxd6 Qxd6 15. Nf4 Bd7 16. Nxe6 Rxe6 17. Bc4 Rxe1 18. Rxe1 Re8 19. Rxe8+ Bxe8 20. Qe3 Bd7 21. Qe4 Be6 22. Bd3 g6 23. Qxh4 Bxa2 24. Qg3 Qxg3 25. fxg3 Be6 26. Kf2 f5 27. h4 Kg7 28. Ke3 Bd5 29. Bf1 b5 30. Kf4 f6 31. g4 fxg4 32. Kxg4 Kh6 33. g3 g5 34. hxg5+ fxg5 35. Kf5 Bf3 36. Bh3 Kh5 37. Ke5 a5 38. Bd7 b4 39. cxb4 axb4 40. Kd6 g4 41. Bxc6 Kg5 42. Bd7 Kf6 43. d5 Bd1 44. Be6 Be2 45. Bc8 Bf3 46. Bb7 Be4 47. Kc7 Ke5 48. d6 Bxb7 49. d7 1-0

[Event "Kingston Invitational Swiss"]
[Site "Kingston-upon-Thames"]
[Date "2025.08.15"]
[Round "7.7"]
[White "Makepeace, Philip J"]
[Black "Claverie, Raul"]
[Result "1-0"]
[WhiteElo "2081"]
[BlackElo "2180"]
[PlyCount "81"]
[EventDate "2025.08.12"]
[EventType "swiss"]
[EventRounds "9"]
[EventCountry "ENG"]

1. e4 e6 2. d4 d5 3. Nc3 Bb4 4. exd5 exd5 5. Bd3 Nc6 6. Nge2 Nge7 7. O-O Bg4 8. f3 Bh5 9. Nf4 Bg6 10. a3 Bxc3 11. bxc3 Bxd3 12. cxd3 O-O 13. Re1 Re8 14. Ra2 Qd7 15. Rae2 Red8 16. Nh5 Nf5 17. Qd2 f6 18. Qf4 Nd6 19. Qg3 Qf7 20. Qg4 Re8 21. Bh6 g6 22. Ng7 Re7 23. Rxe7 Nxe7 24. Re2 Nef5 25. Nh5 Rc8 26. Bd2 Re8 27. Rxe8+ Nxe8 28. Nf4 Neg7 29. h4 c6 30. Kf2 a6 31. Bc1 Qe8 32. Bd2 Kf8 33. c4 dxc4 34. dxc4 Ne6 35. d5 cxd5 36. cxd5 Ned4 37. h5 gxh5 38. Bb4+ Ne7 39. Nxh5 Qg6 40. Qxd4 Qxh5 41. Qxf6+ 1-0

[Event "Kingston Invitational Swiss"]
[Site "Kingston-upon-Thames"]
[Date "2025.08.15"]
[Round "7.8"]
[White "Xian, Junhao"]
[Black "Wilson, Ewan"]
[Result "1/2-1/2"]
[WhiteElo "2159"]
[BlackElo "2020"]
[PlyCount "101"]
[EventDate "2025.08.12"]
[EventType "swiss"]
[EventRounds "9"]
[EventCountry "ENG"]

1. d4 Nf6 2. c4 e6 3. Nf3 d5 4. Bg5 Be7 5. e3 O-O 6. Nc3 h6 7. Bh4 b6 8. Be2 Bb7 9. O-O Nbd7 10. Rc1 c5 11. Bg3 Ne4 12. Nxe4 dxe4 13. Ne5 Nxe5 14. Bxe5 f6 15. Bg3 cxd4 16. Qxd4 Qxd4 17. exd4 Rfd8 18. Rfd1 Rac8 19. f3 exf3 20. Bxf3 Bxf3 21. gxf3 Bd6 22. Kf2 Kf7 23. Ke3 g5 24. Rd3 h5 25. Bxd6 Rxd6 26. c5 Rd5 27. b4 a5 28. a3 axb4 29. axb4 e5 30. Ra1 exd4+ 31. Rxd4 Re5+ 32. Re4 bxc5 33. Rxe5 fxe5 34. Rc1 c4 35. h3 Ke6 36. Ke4 Rf8 37. Rd1 Rf4+ 38. Ke3 c3 39. b5 Rb4 40. Rc1 Rxb5 41. Rxc3 Rb2 42. Rc8 Rh2 43. Re8+ Kf6 44. Rf8+ Kg7 45. Rf5 Kg6 46. Rxe5 Rxh3 47. Kf2 h4 48. Kg2 Rg3+ 49. Kf2 Rh3 50. Kg2 Rg3+ 51. Kf2 1/2-1/2

[Event "Kingston Invitational Swiss"]
[Site "Kingston-upon-Thames"]
[Date "2025.08.15"]
[Round "7.9"]
[White "Villiers, Thomas"]
[Black "Taylor, William J"]
[Result "1-0"]
[WhiteElo "2156"]
[BlackElo "1985"]
[PlyCount "91"]
[EventDate "2025.08.12"]
[EventType "swiss"]
[EventRounds "9"]
[EventCountry "ENG"]

1. e4 e5 2. Nf3 Nf6 3. Nxe5 d6 4. Nf3 Nxe4 5. Nc3 Nxc3 6. dxc3 Be7 7. Bd3 Nd7 8. Bf4 Nc5 9. Be2 Bf5 10. Qd2 Qd7 11. O-O-O Qa4 12. Kb1 Ne4 13. Qd4 Qxd4 14. Nxd4 Bd7 15. Be3 O-O-O 16. Rhe1 Rhe8 17. Bc4 Ng5 18. Bc1 Bf6 19. f4 Ne6 20. Nf3 Bc6 21. f5 Bxf3 22. gxf3 Ng5 23. Rf1 Re7 24. h4 Nh3 25. Rd3 Bxh4 26. Rh1 Bg5 27. f4 Nf2 28. fxg5 Nxh1 29. Rh3 Re1 30. Bxf7 Rf8 31. Be6+ Kd8 32. b3 g6 33. Rxh7 Ng3 34. Rd7+ Ke8 35. Rxc7 gxf5 36. Bc4 f4 37. g6 Nf5 38. Bb5+ Kd8 39. Rd7+ Kc8 40. Rf7 Rg8 41. Bd7+ Kb8 42. Bxf5 Rg1 43. Kb2 f3 44. Bf4 a5 45. Bxd6+ Ka7 46. Bc5+ 1-0

[Event "Kingston Invitational Swiss"]
[Site "Kingston-upon-Thames"]
[Date "2025.08.15"]
[Round "7.10"]
[White "Farrand, Tom"]
[Black "Achour, Mohamed Anis"]
[Result "0-1"]
[WhiteElo "2077"]
[BlackElo "2126"]
[PlyCount "84"]
[EventDate "2025.08.12"]
[EventType "swiss"]
[EventRounds "9"]
[EventCountry "ENG"]

1. c4 e5 2. g3 c6 3. d4 Bb4+ 4. Bd2 Bxd2+ 5. Qxd2 e4 6. d5 Nf6 7. Nc3 O-O 8. d6 b6 9. Bg2 Re8 10. Qf4 Na6 11. Nxe4 Nxe4 12. Bxe4 Nc5 13. Bc2 Ne6 14. Qd2 Bb7 15. Nf3 c5 16. O-O-O Bxf3 17. exf3 Nd4 18. Be4 Rb8 19. Rhe1 Qf6 20. Bd5 Qxd6 21. Re3 b5 22. Rde1 Red8 23. Re5 bxc4 24. Bxc4 Qf6 25. Bd5 h6 26. f4 a5 27. g4 a4 28. g5 hxg5 29. fxg5 Qg6 30. R1e3 Ne6 31. Be4 Qh5 32. Bf5 g6 33. Bc2 Qxh2 34. Bxa4 Qf4 35. R3e4 Qxd2+ 36. Kxd2 Rxb2+ 37. Kc3 Rxa2 38. Bb3 Rxf2 39. Bxe6 dxe6 40. Rxc5 Rf5 41. Rc7 Rxg5 42. Rf4 Rf5 0-1

[Event "Kingston Invitational Swiss"]
[Site "Kingston-upon-Thames"]
[Date "2025.08.15"]
[Round "7.11"]
[White "Josse, Mark"]
[Black "Rice, Chris B"]
[Result "1-0"]
[WhiteElo "2113"]
[BlackElo "1926"]
[PlyCount "67"]
[EventDate "2025.08.12"]
[EventType "swiss"]
[EventRounds "9"]
[EventCountry "ENG"]

1. d4 Nf6 2. c4 e6 3. g3 d5 4. Bg2 Be7 5. Nf3 c6 6. Qc2 O-O 7. O-O Nbd7 8. Nbd2 b6 9. e4 Bb7 10. e5 Ne8 11. cxd5 exd5 12. Rd1 Nc7 13. Nf1 f5 14. exf6 Bxf6 15. Ne3 Ne8 16. Nf5 g6 17. Nh6+ Kh8 18. Bf4 Bg7 19. Bg5 Bf6 20. h4 Nd6 21. Ng4 Nf5 22. Nxf6 Nxf6 23. h5 Kg7 24. hxg6 hxg6 25. Re1 Re8 26. g4 Nd6 27. Ne5 Nde4 28. f3 Rxe5 29. Bxf6+ Qxf6 30. dxe5 Qxe5 31. fxe4 Rh8 32. Bf3 Rh3 33. exd5 Qd4+ 34. Kg2 1-0

[Event "Kingston Invitational Swiss"]
[Site "Kingston-upon-Thames"]
[Date "2025.08.15"]
[Round "7.12"]
[White "Fegan, Chris"]
[Black "Bates, Caspar J"]
[Result "0-1"]
[WhiteElo "1994"]
[BlackElo "2010"]
[PlyCount "72"]
[EventDate "2025.08.12"]
[EventType "swiss"]
[EventRounds "9"]
[EventCountry "ENG"]

1. e4 e6 2. d4 d5 3. Nd2 a6 4. c4 dxc4 5. Ngf3 b5 6. a4 Bb7 7. axb5 axb5 8. Rxa8 Bxa8 9. Qc2 Nc6 10. b3 Nb4 11. Qc3 Nf6 12. bxc4 Nxe4 13. Nxe4 Bxe4 14. c5 Nc2+ 15. Kd1 b4 16. Qc4 b3 17. Bb2 Bd5 18. Qa4+ c6 19. Ne5 f6 20. Nxc6 Bxc6 21. Qxc6+ Kf7 22. Qb7+ Be7 23. Bc4 Nxd4 24. Kc1 Qc8 25. Qxc8 Rxc8 26. Rd1 Bxc5 27. Kb1 Rd8 28. f4 Kg6 29. Bxb3 Rb8 30. Bc2+ Nxc2 31. Kxc2 Rc8 32. Kb1 h5 33. Rd7 Bg1 34. h3 Bh2 35. Bc1 Rc4 36. Re7 Bxf4 0-1

[Event "Kingston Invitational Swiss"]
[Site "Kingston-upon-Thames"]
[Date "2025.08.15"]
[Round "7.13"]
[White "Skettos, Nicolas"]
[Black "Rudd, Jack"]
[Result "0-1"]
[WhiteElo "1968"]
[BlackElo "2259"]
[PlyCount "108"]
[EventDate "2025.08.12"]
[EventType "swiss"]
[EventRounds "9"]
[EventCountry "ENG"]

1. e4 d5 2. exd5 Qxd5 3. Nf3 Nf6 4. d4 Bg4 5. Be2 c6 6. Be3 e6 7. h3 Bxf3 8. Bxf3 Qb5 9. Qc1 Nbd7 10. Be2 Qa5+ 11. Qd2 Qxd2+ 12. Bxd2 c5 13. dxc5 Bxc5 14. Nc3 O-O 15. O-O Nb6 16. Rfd1 Rac8 17. a3 Rfd8 18. Be3 Bxe3 19. fxe3 Nfd5 20. Nxd5 Nxd5 21. e4 Nf4 22. Bf1 Kf8 23. c3 Ke7 24. Kf2 e5 25. Be2 h5 26. h4 g6 27. g3 Ne6 28. Rxd8 Rxd8 29. Rd1 Rc8 30. Ke3 Nc5 31. Rd2 a6 32. Bc4 b5 33. Ba2 Rc7 34. Rd5 f6 35. Rd2 Na4 36. Bb3 Nb6 37. Rd1 Rb7 38. Rg1 Nc4+ 39. Ke2 Rd7 40. Bxc4 bxc4 41. b3 cxb3 42. Rb1 Rb7 43. Kd3 Kd6 44. Kc4 b2 45. Kd3 Kc5 46. Kc2 Kc4 47. Rxb2 Rxb2+ 48. Kxb2 a5 49. a4 Kd3 50. Kb3 f5 51. exf5 gxf5 52. c4 Kd4 53. c5 Kxc5 54. Kc3 e4 0-1

[Event "Kingston Invitational Swiss"]
[Site "Kingston-upon-Thames"]
[Date "2025.08.15"]
[Round "7.14"]
[White "Osborne, Marcus E"]
[Black "Gosling, Marcus"]
[Result "1-0"]
[WhiteElo "2142"]
[BlackElo "1909"]
[PlyCount "69"]
[EventDate "2025.08.12"]
[EventType "swiss"]
[EventRounds "9"]
[EventCountry "ENG"]

1. d4 e6 2. c4 Nf6 3. Nc3 Bb4 4. e3 O-O 5. Bd3 c5 6. Nge2 cxd4 7. exd4 d5 8. c5 Nc6 9. a3 Bxc3+ 10. bxc3 e5 11. dxe5 Nxe5 12. Bg5 Nxd3+ 13. Qxd3 Re8 14. O-O Re5 15. f4 Bf5 16. Qd2 Re8 17. Ng3 Be4 18. Nh5 Bg6 19. Nxf6+ gxf6 20. Bh4 Re4 21. Rae1 Rc4 22. Rf3 d4 23. f5 dxc3 24. Qxd8+ Rxd8 25. Bxf6 c2 26. Rff1 Rc8 27. fxg6 fxg6 28. Be7 b6 29. Rc1 Re8 30. Bd6 Re2 31. cxb6 axb6 32. Rf8+ Kg7 33. Rf2 Re6 34. Bf8+ Kg8 35. Bh6 1-0

[Event "Kingston Invitational Swiss"]
[Site "Kingston-upon-Thames"]
[Date "2025.08.15"]
[Round "7.15"]
[White "Healey, Michael W"]
[Black "Han, Qixuan"]
[Result "1-0"]
[WhiteElo "2135"]
[BlackElo "1896"]
[PlyCount "103"]
[EventDate "2025.08.12"]
[EventType "swiss"]
[EventRounds "9"]
[EventCountry "ENG"]

1. e4 c5 2. Nc3 d6 3. Nge2 Nc6 4. d4 cxd4 5. Nxd4 Nf6 6. Be2 g6 7. O-O Bg7 8. Nb3 O-O 9. Re1 Be6 10. Bf1 a6 11. Nd5 Nd7 12. Nf4 Bxb3 13. axb3 Nb6 14. c3 e5 15. Nd5 Nxd5 16. Qxd5 Ne7 17. Qxb7 Rb8 18. Qxa6 Rxb3 19. Bc4 Rb6 20. Qa2 Nc6 21. f3 Qe7 22. Bd5 Rfb8 23. b4 Rc8 24. b5 Nd8 25. c4 Ne6 26. Be3 Nc5 27. Qa7 Qxa7 28. Rxa7 Rf8 29. Rea1 Rbb8 30. Rc7 Ne6 31. Rd7 Rfd8 32. Rxd8+ Nxd8 33. Ra8 Rxa8 34. Bxa8 f5 35. Bd5+ Kf8 36. b6 fxe4 37. fxe4 h6 38. b7 Nxb7 39. Bxb7 Ke7 40. Bd5 g5 41. Kf2 Kf6 42. Bb6 Bf8 43. Bd8+ Kg6 44. g4 h5 45. Kf3 h4 46. h3 Kh6 47. Bf7 Kg7 48. Be8 Kh6 49. Bf6 d5 50. exd5 Bd6 51. Ke4 Bc7 52. c5 1-0

[Event "Kingston Invitational Swiss"]
[Site "Kingston-upon-Thames"]
[Date "2025.08.15"]
[Round "7.16"]
[White "McMichael, Richard J"]
[Black "Kumar, Sachin"]
[Result "1-0"]
[WhiteElo "2112"]
[BlackElo "1800"]
[PlyCount "69"]
[EventDate "2025.08.12"]
[EventType "swiss"]
[EventRounds "9"]
[EventCountry "ENG"]

1. b3 Nf6 2. Bb2 c5 3. e3 Nc6 4. f4 d5 5. Nf3 g6 6. Bb5 Bd7 7. O-O Bg7 8. d3 a6 9. Bxc6 Bxc6 10. Ne5 Qc7 11. Nd2 O-O 12. Qe1 Nd7 13. Nxc6 Qxc6 14. Bxg7 Kxg7 15. Qh4 Qf6 16. Qh3 e6 17. Nf3 h5 18. Qg3 Kh8 19. Rae1 Qg7 20. e4 d4 21. Qh4 Qh6 22. Ng5 Rae8 23. e5 Kg7 24. Rf3 Rh8 25. Ne4 Rhf8 26. Rg3 b6 27. Nf6 Nxf6 28. exf6+ Kh7 29. Rg5 Rh8 30. Ree5 Kg8 31. f5 Kf8 32. fxg6 fxg6 33. Qe4 Kf7 34. Qb7+ Kxf6 35. h4 1-0

[Event "Kingston Invitational Swiss"]
[Site "Kingston-upon-Thames"]
[Date "2025.08.15"]
[Round "7.17"]
[White "Gajowniczek, Maks"]
[Black "Armstrong, Alastair"]
[Result "0-1"]
[WhiteElo "1847"]
[BlackElo "2108"]
[PlyCount "70"]
[EventDate "2025.08.12"]
[EventType "swiss"]
[EventRounds "9"]
[EventCountry "ENG"]

1. Nf3 d6 2. d4 g6 3. c4 Bg7 4. h3 Nc6 5. Bf4 Bf5 6. Nc3 e5 7. Bg5 f6 8. Be3 Bd7 9. d5 Na5 10. b3 f5 11. Rc1 b6 12. g3 h6 13. Qc2 Qf6 14. Nb5 Qd8 15. b4 Nb7 16. Bg2 Ne7 17. Nc3 g5 18. Bxg5 hxg5 19. Nxg5 Bh6 20. Ne6 Bxe6 21. dxe6 c6 22. Rd1 e4 23. g4 e3 24. gxf5 exf2+ 25. Kf1 Rf8 26. Bf3 Qc7 27. e4 O-O-O 28. Qxf2 d5 29. cxd5 cxd5 30. Nxd5 Nxd5 31. exd5 Rxf5 32. e7 Qc4+ 33. Kg1 Rg5+ 34. Bg4+ Rxg4+ 35. hxg4 Qxg4+ 0-1